| 000 | 00484nam a22001577a 4500 | ||
|---|---|---|---|
| 005 | 20260318182956.0 | ||
| 008 | 260318b |||||||| |||| 00| 0 eng d | ||
| 020 | _a9780557209033 | ||
| 050 | _aHD39.5 GUT | ||
| 100 | _aGuth, Stephen R. | ||
| 245 |
_aProject Procurement Management: _ba guide to structured procurements _cStephen R. Guth |
||
| 250 | _a1st ed. | ||
| 260 |
_aAlexandria, Virginia _bGuth Ventures _c2009 |
||
| 300 |
_axii. 212p. _bill. _c23cm |
||
| 942 |
_2lcc _cBK _e1st ed. _n0 |
||
| 999 |
_c9115 _d9115 |
||